000
00328nam a2200133Ia 4500
100
_a
Reitz/ J.R./ Christy/ R.W.
942
_c
BK
654
_a
Electromagnectic Theory
245
_a
Foundation of Electromagnectic Theory
260
_b
Narosa Pub House
_a
New Delhi
_c
1993
082
_a
530.141
546
_a
ENGLISH
999
_c
35081
_d
35081